| 000 | 01331nam a2200241Ii 4500 | ||
|---|---|---|---|
| 003 | JO-AjNU | ||
| 005 | 20240625111440.0 | ||
| 008 | 230605s9999||||xx |||||||||||||| ||und|| | ||
| 040 |
_aJO-AjNU _bara _erda _cJO-AjNU |
||
| 041 | _aara | ||
| 050 | 1 | 4 | _aHD58.7 2022 |
| 100 | 1 |
_aالبطاينة، هالة عبدالحميد عبدالله _eمعد _965613 |
|
| 245 | 0 | 0 |
_aاثر الاندماج الوظيفي على الالتزام التنظيمي لدى العاملين في الشركات الصناعية الغذائية -مدينة الحسن الصناعية /اربدThe Impact of job Involvement on Organizational Commitment for Employees, at Food Industrial Companies -Alhasan Industrial Estate(HIE)/Irbid / _cاعداد هالة عبدالحميد عبدالله البطاينة؛ اشراف محمود علي الروسان |
| 264 | 3 | 1 | _a 2022 |
| 300 | _a116 ورقة | ||
| 336 |
_atext _btxt _2rdacontent |
||
| 337 |
_aunmediated _bn _2rdamedia |
||
| 338 |
_avolume _bnc _2rdacarrier |
||
| 500 | _aرسالة جامعية(اطروحة ماجستير) جامعة عجلون الوطنية، كلية ادارة الاعمال، تخصص ادارة الاعمال، 2022 | ||
| 650 | 4 |
_aالالتزام التنظيمي _963256 |
|
| 700 | 1 |
_aالروسان، محمود علي _eمشرف _965363 |
|
| 942 |
_2lcc _cTHS |
||
| 999 |
_c32250 _d32250 |
||